La Dorotea

محفوظ في:
التفاصيل البيبلوغرافية
المؤلف الرئيسي: Vega Carpio, Lope Félix de
التنسيق: كتاب
اللغة:Undetermined
منشور في: Madrid, España Castalia 1980
الموضوعات:
الوسوم: إضافة وسم
لا توجد وسوم, كن أول من يضع وسما على هذه التسجيلة!

MARC

LEADER 00000nam a2200000Ia 4500
008 170316s9999 xx 000 0 und d
999 |c 10517  |d 10517 
040 |a cru BVZT 
090 |a 862 V-15do 
100 |a Vega Carpio, Lope Félix de 
245 |a La Dorotea 
260 |a Madrid, España  |b Castalia  |c 1980 
300 |a 496 páginas 
650 |a LITERATURA ESPAÑOLA  |9 23 
942 |c 15 D  |h 862 V-15do  |2 z